Parents & children. (Record no. 14738)

000 -LEADER
fixed length control field 00728nam a2200229 a 4500
001 - CONTROL NUMBER
control field :::00012572$&:&@@
003 - CONTROL NUMBER IDENTIFIER
control field OkBaRHE
005 - DATE AND TIME OF LATEST TRANSACTION
control field 20100402122115.0
008 - FIXED-LENGTH DATA ELEMENTS--GENERAL INFORMATION
fixed length control field s1986 j 000 0 eng u
020 ## - INTERNATIONAL STANDARD BOOK NUMBER
International Standard Book Number 0896938093
040 ## - CATALOGING SOURCE
Transcribing agency
100 1# - MAIN ENTRY--PERSONAL NAME
Personal name Kesler, Jay, et al.,
245 10 - TITLE STATEMENT
Title Parents & children.
260 ## - PUBLICATION, DISTRIBUTION, ETC. (IMPRINT)
Place of publication, distribution, etc Wheaton, IL., :
Name of publisher, distributor, etc Victor Books
Date of publication, distribution, etc 1986
300 ## - PHYSICAL DESCRIPTION
Extent 704 p. ;
Dimensions 24 cm.
650 ## - SUBJECT ADDED ENTRY--TOPICAL TERM
Topical term or geographic name as entry element Child rearing
General subdivision Religious aspects
-- Christianity
650 ## - SUBJECT ADDED ENTRY--TOPICAL TERM
Topical term or geographic name as entry element Parenting
General subdivision Religious aspects
-- Christianity
700 ## - ADDED ENTRY--PERSONAL NAME
Personal name Beers, Ronald A., Ed.
700 ## - ADDED ENTRY--PERSONAL NAME
Personal name Neff, LaVonne, Ed.
942 ## - ADDED ENTRY ELEMENTS (KOHA)
Source of classification or shelving scheme
Koha item type Books
Copies
Not for loan Koha item type Date last seen Full call number Withdrawn status Source of classification or shelving scheme Barcode Date acquired Shelving location Price effective from Copy number Damaged status Lost status Permanent Location
 Books2010-04-14HQ 769.3 .P37 1986  125722010-04-14General Stacks2010-04-141  RHEMA Bible Training College